000
00388nam a2200145Ia 4500
008
100122s9999 xx 000 0 und d
082
_b
29752
_a
928
100
_a
कीर गिरिजा
245
_a
दर्शन
260
_b
हेमचंद्र प्रकाशन
_c
1905
300
_a
132
630
_a
दर्शन
730
_a
दर्शन
942
_c
BOOK
999
_c
414874
_d
414871